| 000 | 00448nam a2200169Ia 4500 | ||
|---|---|---|---|
| 008 | 230917s9999||||xx |||||||||||||| ||und|| | ||
| 020 | _cRS1200 | ||
| 040 |
_e243065 _aMAIN |
||
| 041 | _aEnglish | ||
| 082 | _a320.50954 N34B | ||
| 100 | _aNema, J P | ||
| 245 | 0 | _aBharatiya rajnitik vicharak | |
| 260 |
_aNew Delhi _bUniversity Publication _c2007 |
||
| 300 | _a476 p. | ||
| 500 | _a2909 03/11/2017 RK17/2358 07/11/2017 Main Budget | ||
| 942 | _cBK | ||
| 999 |
_c24429 _d24429 |
||